ბათუმის შოთა რუსთაველის სახელმწიფო უნივერსიტეტის ბიბლიოთეკა

Cancer Biomarkers: (ბიბ.ჩანაწერი № 61729)

000 -LEADER
fixed length control field 00787nam a22001817a 4500
005 - DATE AND TIME OF LATEST TRANSACTION
control field 20240423101929.0
008 - FIXED-LENGTH DATA ELEMENTS--GENERAL INFORMATION
fixed length control field 240423s2007 enk||||| |||| 00| 0 eng d
020 ## - INTERNATIONAL STANDARD BOOK NUMBER
International Standard Book Number 9780309103862x
041 ## - LANGUAGE CODE
Language code of text/sound track or separate title eng
080 ## - UNIVERSAL DECIMAL CLASSIFICATION NUMBER
Universal Decimal Classification number 616-006 C-19
245 ## - TITLE STATEMENT
Title Cancer Biomarkers:
Remainder of title The Promises and Challenges of Improving Detection and Treatment /
Statement of responsibility, etc. Edited Sharyl J. Nass, Harold L. Moses.
264 ## - PRODUCTION, PUBLICATION, DISTRIBUTION, MANUFACTURE, AND COPYRIGHT NOTICE
Place of production, publication, distribution, manufacture Washington :
Name of producer, publisher, distributor, manufacturer The National Academy Press,
Date of production, publication, distribution, manufacture, or copyright notice 2007.
300 ## - PHYSICAL DESCRIPTION
Extent 236 p. ;
Other physical details 23 cm.
653 ## - INDEX TERM--UNCONTROLLED
keyword კიბოს სკრინინგი
653 ## - INDEX TERM--UNCONTROLLED
keyword კიბოს გამოვლენისა და მკურნალობის გაუმჯობესების პერსპექტივები
653 ## - INDEX TERM--UNCONTROLLED
keyword მედიცინა
942 ## - ADDED ENTRY ELEMENTS (KOHA)
Source of classification or shelving scheme
Koha item type წიგნი
ეგზემპლარები
Withdrawn status Lost status Source of classification or shelving scheme Damaged status Not for loan Permanent Location Current Location Shelving location Date acquired Cost, normal purchase price Full call number Barcode Date last seen Copy number Price effective from Koha item type Public note
          ბათუმის შოთა რუსთაველის სახელმწიფო უნივერსიტეტის მთავარი ბიბლიოთეკა ბათუმის შოთა რუსთაველის სახელმწიფო უნივერსიტეტის მთავარი ბიბლიოთეკა წიგნსაცავი 2024-04-23 94.00 616-006 C-19 67896 2024-04-23 67896 2024-04-23 წიგნი 94 ლ.